[Event "Pays d'Aix rapid op"]
[Site "Aix en Provence"]
[Date "2023.06.20"]
[Round "1"]
[White "Bauer, Christian"]
[Black "Giraud, Thierry"]
[Result "1-0"]
[WhiteElo "2534"]
[BlackElo "1880"]
[PlyCount "49"]
[EventDate "2023.06.18"]
[EventType "swiss (rapid)"]
[EventRounds "9"]
[EventCountry "FRA"]
[SourceTitle "EXT 2025"]
[Source "ChessBase"]
[SourceDate "2024.10.14"]
[SourceVersion "1"]
[SourceVersionDate "2024.10.14"]
[SourceQuality "1"]

1. c4 Nf6 2. Nc3 d5 3. cxd5 Nxd5 4. g3 c5 5. Bg2 Nc7 6. Qa4+ Bd7 7. Qb3 Bc6 8. Bxc6+ bxc6 9. Nf3 e6 10. d3 Bd6 11. Ne4 Be7 12. Be3 Qd5 13. Qc3 Bf6 14. Nxf6+ gxf6 15. Qxf6 Rg8 16. 0-0 Nd7 17. Qc3 Nb5 18. Qc4 Nd6 19. Qc2 Rb8 20. b3 Nf5 21. Bf4 Rb4 22. e4 Nd4 23. Nxd4 Qxd4 24. Rac1 Ke7 25. Be3 1-0

[Event "Pornic op"]
[Site "Pornic"]
[Date "2011.07.??"]
[Round "1"]
[White "Lazarev, Vladimir"]
[Black "Giraud, Thierry"]
[Result "1-0"]
[WhiteElo "2445"]
[BlackElo "1893"]
[PlyCount "41"]
[EventDate "2011.07.??"]
[EventType "swiss"]
[EventRounds "6"]
[EventCountry "FRA"]
[SourceTitle "EXT 2012"]
[Source "ChessBase"]
[SourceDate "2011.11.24"]
[SourceVersion "1"]
[SourceVersionDate "2011.11.24"]
[SourceQuality "1"]

1. d4 Nf6 2. c4 e6 3. Nc3 Bb4 4. Qc2 c5 5. dxc5 Bxc5 6. Nf3 Nc6 7. Bg5 h6 8. Bh4 Qb6 9. e3 d5 10. Bxf6 gxf6 11. cxd5 Nb4 12. Qe4 f5 13. Qe5 Rg8 14. 0-0-0 Bd7 15. dxe6 fxe6 16. Rxd7 Kxd7 17. Na4 Bxe3+ 18. fxe3 Qc6+ 19. Nc5+ Ke7 20. Nd4 Qd5 21. Nxf5+ 1-0

[Event "Nantes op 8th"]
[Site "Nantes"]
[Date "2009.12.??"]
[Round "7"]
[White "Giraud, Thierry"]
[Black "Caillot, Arnaud"]
[Result "1-0"]
[WhiteElo "1933"]
[BlackElo "1698"]
[PlyCount "61"]
[EventDate "2009.12.??"]
[EventType "swiss"]
[EventRounds "9"]
[EventCountry "FRA"]
[SourceTitle "CBM 134 Extra"]
[Source "ChessBase"]
[SourceDate "2010.03.03"]
[SourceVersion "1"]
[SourceVersionDate "2010.03.03"]
[SourceQuality "1"]

1. e4 e5 2. Nf3 Nc6 3. Bc4 Nf6 4. Ng5 d5 5. exd5 Na5 6. Bb5+ Bd7 7. Qe2 Be7 8. Nc3 0-0 9. 0-0 Re8 10. Nge4 c6 11. dxc6 Nxc6 12. Bxc6 Bxc6 13. d3 Nd5 14. Nxd5 Qxd5 15. Qg4 Rac8 16. Nc3 Qa5 17. a3 b5 18. Bg5 f6 19. Be3 Ba8 20. Qd7 a6 21. Qe6+ Kf8 22. Bb6 Qxb6 23. Qxb6 Bc5 24. Qxa6 Rb8 25. Qa5 Re7 26. Ne4 Ra7 27. Qc3 Bd4 28. Qb4+ Ke8 29. a4 Bc6 30. axb5 Rxb5 31. Nd6+ 1-0

[Event "Nantes op 7th"]
[Site "Nantes"]
[Date "2008.??.??"]
[Round "2"]
[White "Picard, Remi"]
[Black "Giraud, Thierry"]
[Result "1-0"]
[WhiteElo "2025"]
[BlackElo "1959"]
[PlyCount "71"]
[EventDate "2008.12.26"]
[EventType "swiss"]
[EventRounds "9"]
[EventCountry "FRA"]
[SourceTitle "CBM 128 Extra"]
[Source "ChessBase"]
[SourceDate "2009.03.05"]
[SourceVersion "2"]
[SourceVersionDate "2009.03.25"]
[SourceQuality "1"]

1. d4 d5 2. c4 e6 3. Nc3 Nf6 4. cxd5 exd5 5. Bg5 c6 6. e3 Be7 7. Bd3 Nbd7 8. Qc2 h6 9. Bh4 Nf8 10. Nf3 Ne6 11. 0-0 g6 12. Ne5 Ng7 13. Bxg6 Be6 14. Bd3 Nfh5 15. Bxe7 Qxe7 16. f4 Nf6 17. Na4 Rd8 18. Rab1 Ne4 19. Nc5 Nf5 20. Rfe1 Rg8 21. Nxe4 dxe4 22. Bxe4 Nd6 23. Bf3 Qf6 24. Rbd1 Nf5 25. b4 Nh4 26. Kh1 a6 27. a4 Rc8 28. Qf2 Ng6 29. b5 Bb3 30. Ra1 cxb5 31. axb5 Rc2 32. Re2 Rxe2 33. Qxe2 Nxe5 34. dxe5 Qe6 35. bxa6 Bc4 36. axb7 1-0

[Event "FRA-chT3 Gr01 0607"]
[Site "France"]
[Date "2007.03.31"]
[Round "8.5"]
[White "Giraud, Thierry"]
[Black "Trancoso, Mickael"]
[Result "1-0"]
[WhiteElo "2040"]
[BlackElo "1915"]
[PlyCount "66"]
[EventDate "2006.10.15"]
[EventType "team-tourn"]
[EventRounds "9"]
[EventCountry "FRA"]
[SourceTitle "EXT 2008"]
[Source "ChessBase"]
[SourceDate "2007.11.25"]
[SourceVersion "1"]
[SourceVersionDate "2007.11.25"]
[SourceQuality "1"]

1. d4 Nf6 2. Bf4 d6 3. e3 g6 4. Nf3 Bg7 5. Be2 c6 6. Nbd2 Nbd7 7. h3 0-0 8. 0-0 Re8 9. c4 e5 10. Bh2 e4 11. Ne1 Nf8 12. b4 Bf5 13. Nb3 Qd7 14. Rc1 g5 15. a4 Ng6 16. Bg3 g4 17. hxg4 Nxg4 18. Nc2 h5 19. c5 d5 20. b5 h4 21. Bd6 Bf8 22. bxc6 bxc6 23. Bxf8 Kxf8 24. Rb1 Kg7 25. Na5 Rh8 26. Nb7 Nf6 27. Nd6 Be6 28. Rb7 Qd8 29. Nb4 Ne8 30. Nxc6 Qg5 31. Nxe8+ Raxe8 32. Kh2 h3 33. g3 Ne7 1-0

[Event "Rohde op 04th"]
[Site "Sautron "]
[Date "2004.10.26"]
[Round "2"]
[White "Giraud, Thierry"]
[Black "Serralta, Michel"]
[Result "0-1"]
[WhiteElo "1936"]
[BlackElo "2073"]
[PlyCount "40"]
[EventDate "2004.10.23"]
[EventType "swiss"]
[EventRounds "9"]
[EventCountry "FRA"]
[SourceTitle "EXT 2006"]
[Source "ChessBase"]
[SourceDate "2005.11.24"]
[SourceVersion "1"]
[SourceVersionDate "2005.11.24"]
[SourceQuality "1"]

1. c4 e5 2. Nc3 Nc6 3. Nf3 f5 4. d4 e4 5. Bg5 Nf6 6. Ne5 Be7 7. Nxc6 bxc6 8. e3 0-0 9. Be2 Qe8 10. 0-0 Qg6 11. Bxf6 Rxf6 12. f3 d6 13. f4 Bd7 14. Rc1 Kh8 15. Na4 Rg8 16. g3 Qh6 17. c5 d5 18. Rf2 g5 19. fxg5 Rxg5 20. Kf1 Rxg3 0-1

[Event "Gorges op 14th"]
[Site "Gorges"]
[Date "2004.07.04"]
[Round "2"]
[White "Mullon, Jean Baptiste"]
[Black "Giraud, Thierry"]
[Result "1-0"]
[WhiteElo "2327"]
[BlackElo "1896"]
[PlyCount "95"]
[EventDate "2004.07.08"]
[EventType "swiss"]
[EventRounds "7"]
[EventCountry "FRA"]
[SourceTitle "EXT 2005"]
[Source "ChessBase"]
[SourceDate "2004.11.15"]
[SourceVersion "1"]
[SourceVersionDate "2004.11.15"]
[SourceQuality "1"]

1. e4 c5 2. Nf3 e6 3. d4 cxd4 4. Nxd4 Nf6 5. Nc3 Bb4 6. e5 Nd5 7. Qg4 Kf8 8. Bd2 Nxc3 9. bxc3 Ba5 10. f4 h5 11. Qf3 Qh4+ 12. g3 Qe7 13. Bd3 d6 14. exd6 Qxd6 15. Nb3 Bc7 16. Be3 Nd7 17. Rd1 Qc6 18. Qxc6 bxc6 19. Be4 Nb8 20. Nd4 Bd7 21. Nb5 Bb6 22. Bd4 f6 23. c4 Bxd4 24. Rxd4 a6 25. Nc7 Ra7 26. Nxe6+ Kf7 27. Nc5 Re8 28. Kf2 Bh3 29. Rhd1 Rae7 30. Rd8 Rxd8 31. Rxd8 Nd7 32. Nxd7 Rxe4 33. Nb6 Bg4 34. Rd2 Ke7 35. Kg2 Be6 36. Kf3 Re1 37. c5 Bg4+ 38. Kf2 Re4 39. Kg2 Be6 40. Kf3 f5 41. a4 Re1 42. Kf2 Re4 43. Rd6 a5 44. Rxc6 Bc4 45. Rc7+ Kf8 46. Ra7 Re2+ 47. Kf3 Rxc2 48. Nxc4 1-0